| 000 | 00566nam a2200193Ia 4500 | ||
|---|---|---|---|
| 005 | 20250923145034.0 | ||
| 008 | 008 250917s9999 xx 000 0 eng d | ||
| 037 | _aTextual | ||
| 040 |
_aDSWL _beng _cDSWL |
||
| 041 |
_aeng _2eng |
||
| 084 |
_aY1XM89, K3 _qDSWL |
||
| 245 | 0 |
_aSociological theory values and socio cultural change _cEd.by Edward A. Tiryakian |
|
| 260 |
_aLondon _bFree Pree of Glencoe _c1963 |
||
| 300 | _axii,308 p. | ||
| 365 |
_aUSD _b6.95 |
||
| 925 | _g6.95 | ||
| 942 |
_cTEXL _hY1XM89, K3 |
||
| 999 |
_c1446339 _d1446339 |
||